[Event "CHN Team Men 2016"]
[Site "Wuxi CHN"]
[Date "2016.07.29"]
[Round "3.4"]
[Board "3"]
[White "Zhang, Ziji"]
[Black "Wu, Xibin"]
[Result "1/2-1/2"]
[BlackTitle "IM"]
[WhiteElo "2313"]
[BlackElo "2257"]
[WhiteTeam "Hebei Ticai"]
[BlackTeam "Heilongjiang Qipai"]
[WhiteFideId "8609470"]
[BlackFideId "8600309"]
[EventDate "2016.07.28"]

1. d4 Nf6 2. c4 g6 3. Nc3 Bg7 4. Nf3 O-O 5. g3 d5 6. cxd5 Nxd5 7. Bg2 c5 8. Nxd5
Qxd5 9. O-O Nc6 10. Be3 cxd4 11. Nxd4 Qa5 12. Bxc6 bxc6 13. Qc2 Bf5 14. Nxf5
Qxf5 15. Qxf5 gxf5 16. Rac1 Bxb2 17. Rxc6 Rfc8 18. Ra6 Rc2 19. Rd1 Rxe2 20. Rd7
e6 21. Raxa7 Rxa7 22. Rxa7 h5 23. a4 e5 24. Rd7 Re1+ 25. Kg2 Ra1 26. Rd2 Bc3 27.
Rd3 Bb2 28. Rb3 Bd4 29. Bxd4 exd4 30. Rb4 d3 31. Rd4 Kg7 32. Kh3 Kg6 33. f4 f6
34. Kh4 Ra2 35. h3 d2 36. a5 Rxa5 37. Rxd2 Ra8 38. Rd3 1/2-1/2

[Event "CHN Team Men 2016"]
[Site "Wuxi CHN"]
[Date "2016.07.29"]
[Round "3.5"]
[Board "2"]
[White "Zhao, Chenxi"]
[Black "Chu, Wei Chao"]
[Result "0-1"]
[BlackTitle "IM"]
[WhiteElo "2052"]
[BlackElo "2309"]
[WhiteTeam "Shenzhen Qiyuan"]
[BlackTeam "Tianjing Chunhua"]
[WhiteFideId "8611513"]
[BlackFideId "8605661"]
[EventDate "2016.07.28"]

1. d4 Nf6 2. c4 c5 3. d5 e6 4. Nc3 exd5 5. cxd5 d6 6. e4 g6 7. Bd3 Bg7 8. Nf3
Bg4 9. h3 Bxf3 10. Qxf3 O-O 11. O-O a6 12. a4 Nbd7 13. Qd1 Re8 14. Bf4 Qc7 15.
Qc2 c4 16. Be2 Nc5 17. Bf3 Nfd7 18. Ra3 Ne5 19. Bxe5 Bxe5 20. Be2 Bxc3 21. Rxc3
b5 22. axb5 axb5 23. Re3 Ra2 24. Rb1 Rea8 25. Rd1 f6 26. h4 Qe7 27. h5 Qe5 28.
hxg6 hxg6 29. f4 Qxf4 30. Rf3 Qe5 31. Rdf1 Qd4+ 32. Kh1 Kg7 33. Rh3 Qxb2 0-1

[Event "CHN Team Men 2016"]
[Site "Wuxi CHN"]
[Date "2016.07.29"]
[Round "3.5"]
[Board "3"]
[White "Li, Yankai"]
[Black "Yang, Yuhang"]
[Result "1-0"]
[WhiteElo "2234"]
[BlackElo "1834"]
[WhiteTeam "Tianjing Chunhua"]
[BlackTeam "Shenzhen Qiyuan"]
[WhiteFideId "8609357"]
[BlackFideId "8611530"]
[EventDate "2016.07.28"]

1. e4 c5 2. Nf3 Nc6 3. Bb5 g6 4. Bxc6 dxc6 5. h3 Bg7 6. d3 e5 7. Be3 Qe7 8. O-O
Nf6 9. Qd2 Nd7 10. Bh6 O-O 11. Bxg7 Kxg7 12. Nc3 b6 13. Nh2 f6 14. f4 exf4 15.
Rxf4 Ne5 16. Raf1 Be6 17. Qe3 Rad8 18. b3 Qd6 19. Ne2 Rd7 20. Kh1 Re7 21. Nf3
Nxf3 22. Qxf3 Ref7 23. Qg3 Rd7 24. Qe3 Rdf7 25. Rh4 g5 26. e5 fxe5 27. Qxg5+ Kh8
28. Rxf7 Rxf7 29. Ng3 Bc8 30. Rh6 Qe7 31. Qxe7 Rxe7 32. Rxc6 Be6 33. Rd6 Re8 34.
a4 Kg7 35. a5 b5 36. Rc6 c4 37. Rc7+ Kg6 38. bxc4 bxc4 39. Rxa7 cxd3 40. cxd3
Rd8 41. Ra6 Rxd3 42. Rxe6+ Kf7 43. Rxe5 Rxg3 44. Rf5+ Ke6 45. Rf3 Rg7 46. Ra3 h5
47. a6 Ra7 48. h4 Kd6 1-0

[Event "CHN Team Men 2016"]
[Site "Wuxi CHN"]
[Date "2016.07.29"]
[Round "3.5"]
[Board "4"]
[White "Zuo, Yifan"]
[Black "Zhao, Zhouqiao CHN"]
[Result "0-1"]
[WhiteTitle "CM"]
[BlackTitle "FM"]
[WhiteElo "1823"]
[BlackElo "2204"]
[WhiteTeam "Shenzhen Qiyuan"]
[BlackTeam "Tianjing Chunhua"]
[WhiteFideId "8614610"]
[BlackFideId "8608342"]
[EventDate "2016.07.28"]

1. d4 Nf6 2. c4 e6 3. Nf3 b6 4. g3 Ba6 5. Qa4 c5 6. Bg2 Bb7 7. dxc5 Bxc5 8. O-O
O-O 9. Nc3 Be7 10. Rd1 Na6 11. Bf4 Nc5 12. Qc2 Qc8 13. Rac1 Nce4 14. Nb5 a6 15.
Nbd4 d6 16. Nb3 h6 17. a4 Qc7 18. h3 Rac8 19. Qd3 e5 20. Be3 Nc5 21. Nxc5 bxc5
22. Qc2 Rfd8 23. Nd2 Bxg2 24. Kxg2 Rb8 25. f3 Rb4 26. b3 Rdb8 27. Qd3 Qb7 28.
Bf2 Ne8 29. Rc3 Bd8 30. Qe4 Ba5 31. Rd3 Qxe4 32. Nxe4 Bc7 33. Nd2 f5 34. e4 fxe4
35. fxe4 Kf7 36. Rf1 Ke6 37. Be1 Nf6 38. Rff3 R4b7 39. g4 Ba5 40. Rfe3 Bxd2 41.
Bxd2 Ng8 42. g5 h5 43. Kg3 Ne7 44. Kh4 Ng6+ 45. Kg3 Nf4 46. Rc3 Kd7 47. Bc1 Kc6
48. g6 Kd7 49. Kf2 Ne6 50. Kg3 Nf4 51. Kf2 Rf8 52. Rf3 Nxg6 53. Bg5 Ke6 54. Kg3
Rxf3+ 55. Rxf3 Rf7 56. Rxf7 Kxf7 57. Bd2 Ke6 58. a5 Nf8 59. Kh4 g6 60. b4 cxb4
61. Bxb4 Nh7 62. Ba3 Nf6 63. Kg5 Nxe4+ 64. Kxg6 h4 65. Kh5 Nd2 66. c5 dxc5 67.
Bxc5 Kf5 68. Kxh4 Nf1 69. Kh5 e4 70. Kh6 e3 71. h4 e2 72. Bf2 Kf6 73. h5 Ne3 74.
Kh7 Kf7 75. h6 Nc4 76. Be1 Ne5 77. Bc3 Ng4 78. Be1 Nf6+ 79. Kh8 Nd5 80. Kh7 Nf4
81. Bc3 Nd5 82. Be1 Nf6+ 83. Kh8 Kg6 84. Bd2 Ne4 85. Bb4 Kxh6 86. Kg8 Kg6 87.
Kf8 Kf6 88. Ke8 Ke6 89. Kd8 Kd5 90. Kc7 Kc4 91. Be1 Kb5 0-1

[Event "CHN Team Men 2016"]
[Site "Wuxi CHN"]
[Date "2016.07.29"]
[Round "3.6"]
[Board "2"]
[White "Wu, Hao"]
[Black "Yu, Lie"]
[Result "0-1"]
[BlackTitle "IM"]
[WhiteElo "1600"]
[BlackElo "2321"]
[WhiteTeam "Shanxi Huxiaoling"]
[BlackTeam "Zhejiang Feiao"]
[WhiteFideId "8616450"]
[BlackFideId "8603715"]
[EventDate "2016.07.28"]

1. e4 e6 2. d4 d5 3. Nc3 Nf6 4. e5 Nfd7 5. f4 c5 6. Nf3 Nc6 7. Be3 Be7 8. Qd2 a6
9. O-O-O c4 10. f5 b5 11. fxe6 fxe6 12. h4 Qa5 13. Ng5 Nb6 14. Qf2 Rf8 15. Qe2
b4 16. Nb1 Qxa2 17. c3 Na4 18. Qc2 Na5 19. Kd2 bxc3+ 20. Nxc3 Nxc3 21. Qxc3 Rb8
22. Ke2 Rb3 23. Qc1 Bb4 24. Bf4 Rxb2+ 25. Kf3 Rf2+ 26. Kg4 R2xf4+ 27. Kh5 Qf2
28. g4 g6+ 29. Kh6 Rh8 30. Kg7 0-1

[Event "CHN Team Men 2016"]
[Site "Wuxi CHN"]
[Date "2016.07.29"]
[Round "3.6"]
[Board "3"]
[White "Xu, Minghui"]
[Black "Lu, Kaiyan"]
[Result "1-0"]
[WhiteElo "2305"]
[BlackElo "1511"]
[WhiteTeam "Zhejiang Feiao"]
[BlackTeam "Shanxi Huxiaoling"]
[WhiteFideId "8606790"]
[BlackFideId "8610495"]
[EventDate "2016.07.28"]

1. b3 Nf6 2. Bb2 g6 3. c4 Bg7 4. g3 d6 5. d4 O-O 6. Nf3 Nc6 7. Bg2 Bf5 8. O-O a5
9. d5 Nb4 10. Nd4 Be4 11. f3 Bxb1 12. Qxb1 Nd7 13. a3 Na6 14. Qc2 Ndc5 15. Rad1
e5 16. Nb5 Qe7 17. Bc3 b6 18. b4 Nb7 19. e4 f5 20. exf5 gxf5 21. f4 e4 22. Nd4
Qf6 23. Bh3 Qg6 24. Ne6 Bxc3 25. Nxf8 Qf6 26. Nd7 Qg7 27. Bxf5 axb4 28. axb4
Nxb4 1-0

[Event "CHN Team Men 2016"]
[Site "Wuxi CHN"]
[Date "2016.07.29"]
[Round "3.7"]
[Board "2"]
[White "Yang, Bokai"]
[Black "Li, Di"]
[Result "0-1"]
[BlackTitle "FM"]
[WhiteElo "1583"]
[BlackElo "2426"]
[WhiteTeam "Shaanxi"]
[BlackTeam "Chengdu"]
[WhiteFideId "8616469"]
[BlackFideId "8607508"]
[EventDate "2016.07.28"]

1. e4 e5 2. Nf3 Nc6 3. d4 exd4 4. Nxd4 Qh4 5. Nb5 Bc5 6. Qe2 Nd4 7. Nxd4 Bxd4 8.
c3 Bb6 9. g3 Qe7 10. Bg2 d6 11. O-O Nf6 12. Be3 O-O 13. Bxb6 axb6 14. Nd2 Re8
15. Rfe1 Bd7 16. Nb3 c5 17. c4 Bc6 18. f3 d5 19. cxd5 Nxd5 20. Qf2 Nb4 21. Nc1
c4 22. a3 Qc5 23. Rb1 Nc2 24. Qxc5 bxc5 25. Rd1 f5 26. exf5 Ne3 27. Re1 Nxg2 28.
Rxe8+ Rxe8 29. Kxg2 Re3 30. Na2 Rxf3 31. Kg1 Rd3 32. Rc1 Rd2 33. Nc3 Rg2+ 34.
Kf1 Rxh2 35. Ne2 Be4 36. Ke1 Bxf5 37. Rc3 b5 38. Re3 Bg4 39. Nc3 Rxb2 40. Re5 b4
41. axb4 cxb4 42. Re4 bxc3 43. Rxg4 Rb1+ 44. Ke2 c2 0-1

[Event "CHN Team Men 2016"]
[Site "Wuxi CHN"]
[Date "2016.07.29"]
[Round "3.7"]
[Board "3"]
[White "Liu, Guanchu"]
[Black "Liu, Chuming"]
[Result "1-0"]
[WhiteTitle "IM"]
[WhiteElo "2366"]
[BlackElo "1325"]
[WhiteTeam "Chengdu"]
[BlackTeam "Shaanxi"]
[WhiteFideId "8603901"]
[BlackFideId "8616477"]
[EventDate "2016.07.28"]

1. e4 c6 2. d4 d5 3. e5 g6 4. c4 Be6 5. cxd5 Bxd5 6. Nc3 e6 7. Be3 Ne7 8. Nf3
Nf5 9. Be2 Qa5 10. O-O Nd7 11. a3 Bg7 12. b4 Qd8 13. Bg5 Qb6 14. Nxd5 cxd5 15.
h3 Bh6 16. Bxh6 Nxh6 17. Qd2 Nf5 18. g4 Ne7 19. Qh6 Nc6 20. Rfd1 Rc8 21. Rac1 a6
22. Bf1 Qd8 23. Rd3 Qe7 24. Rdc3 Ndb8 25. Ng5 Kd7 26. Rf3 Nd8 27. Rxc8 Kxc8 28.
Qg7 Qf8 29. Qxf8 Rxf8 30. Nxh7 Re8 31. Ng5 Re7 32. h4 Nbc6 33. Rf4 Kd7 34. h5
gxh5 35. gxh5 Re8 36. h6 Ke7 37. h7 Rh8 38. Be2 Kf8 39. Bh5 Kg7 40. Bxf7 Nxf7
41. Rxf7+ Kg6 42. f4 Nxd4 43. Kf2 b5 44. Rf6+ Kh5 45. Nxe6 Nxe6 46. Rxe6 Rxh7
47. Ke3 Kg4 48. Rf6 Rh3+ 49. Kd4 Rxa3 50. e6 Ra1 51. Kxd5 Rd1+ 52. Kc5 Rc1+ 53.
Kb6 Rc4 54. e7 Re4 55. Rf7 Re6+ 56. Ka5 1-0

[Event "CHN Team Men 2016"]
[Site "Wuxi CHN"]
[Date "2016.07.30"]
[Round "4.1"]
[Board "2"]
[White "Yu, Yangyi"]
[Black "Lou, Yiping"]
[Result "1-0"]
[WhiteTitle "GM"]
[BlackTitle "IM"]
[WhiteElo "2734"]
[BlackElo "2448"]
[WhiteTeam "Beijing Beiao"]
[BlackTeam "Shanghai"]
[WhiteFideId "8603820"]
[BlackFideId "8603928"]
[EventDate "2016.07.28"]

1. d4 Nf6 2. c4 g6 3. Nc3 d5 4. cxd5 Nxd5 5. g3 Bg7 6. Bg2 Nxc3 7. bxc3 c5 8.
Nf3 Nc6 9. Be3 O-O 10. O-O cxd4 11. Nxd4 Na5 12. Qd3 Bd7 13. Rac1 Rc8 14. c4 b6
15. Nb3 Nxb3 16. Qxb3 Bc6 17. Rfd1 Qe8 18. Bxc6 Qxc6 19. Qb5 Qxb5 20. cxb5 Rxc1
21. Bxc1 Rc8 22. Bf4 Kf8 23. Rd7 Ra8 24. a4 Ke8 25. Rb7 Bd4 26. Kg2 a6 27. Be3
Bxe3 28. fxe3 axb5 29. axb5 Ra2 30. Kf3 Rb2 31. Rxb6 f5 32. h3 Kf7 33. Rb8 Rb4
34. b6 h6 35. b7 Kg7 36. e4 fxe4+ 37. Kf4 Kf7 38. e3 Ke6 39. h4 Kf7 40. Ke5 h5
41. Kd5 Rb1 42. Kc4 Rb2 43. Kd5 Rb1 1-0

[Event "CHN Team Men 2016"]
[Site "Wuxi CHN"]
[Date "2016.07.30"]
[Round "4.1"]
[Board "3"]
[White "Xu, Yi"]
[Black "Xiu, Deshun"]
[Result "1/2-1/2"]
[WhiteTitle "FM"]
[BlackTitle "GM"]
[WhiteElo "2396"]
[BlackElo "2557"]
[WhiteTeam "Shanghai"]
[BlackTeam "Beijing Beiao"]
[WhiteFideId "8605564"]
[BlackFideId "8603693"]
[EventDate "2016.07.28"]

1. e4 e5 2. Nf3 Nc6 3. Bc4 Bc5 4. c3 Nf6 5. d3 a6 6. O-O d6 7. a4 O-O 8. Na3 d5
9. exd5 Nxd5 10. Re1 Nb6 11. b4 Bd6 12. Bb3 Bg4 13. a5 Nd7 14. Nc4 Qf6 15. h3
Bxf3 16. Qxf3 Qxf3 17. gxf3 Be7 18. f4 Bf6 19. fxe5 Ndxe5 20. Nxe5 Nxe5 21. Re3
Nc6 22. d4 Bg5 23. Re4 Bxc1 24. Rxc1 Rfe8 25. Rce1 Rxe4 26. Rxe4 Kf8 27. Rf4 f6
28. Bd5 Re8 29. Re4 Nd8 30. b5 c6 31. bxc6 bxc6 32. Rxe8+ Kxe8 1/2-1/2

[Event "CHN Team Men 2016"]
[Site "Wuxi CHN"]
[Date "2016.07.30"]
[Round "4.1"]
[Board "4"]
[White "An, Yanlong"]
[Black "Zhou, Junfeng"]
[Result "0-1"]
[WhiteElo "2251"]
[BlackElo "2022"]
[WhiteTeam "Beijing Beiao"]
[BlackTeam "Shanghai"]
[WhiteFideId "8615675"]
[BlackFideId "8615330"]
[EventDate "2016.07.28"]

1. c4 Nf6 2. Nc3 d5 3. cxd5 Nxd5 4. g3 g6 5. Bg2 Nb6 6. Nf3 Bg7 7. O-O O-O 8. d3
Nc6 9. Bg5 h6 10. Be3 e5 11. Qd2 Kh7 12. Rfc1 Nd4 13. Ne4 c6 14. Nc5 Re8 15.
Rab1 Qe7 16. b4 Nd5 17. Rc4 Nf5 18. a4 Nfxe3 19. fxe3 h5 20. e4 Bh6 21. Qb2 Ne3
22. Rc3 b6 23. Nb3 Bd7 24. Nbd2 Rac8 25. a5 f6 26. Ra1 b5 27. Qa3 Bf8 28. Rc5
Qf7 29. Rc3 Be6 30. Rac1 Qd7 31. Nb3 Bxb3 32. Qxb3 a6 33. Kh1 Red8 34. h3 Rc7
35. Kh2 Rdc8 36. Bh1 c5 37. bxc5 Bxc5 38. Bg2 b4 39. Rxc5 Rxc5 40. Rxc5 Rxc5 41.
Qxb4 Qc7 42. Nh4 Kg7 43. Bf3 Rb5 44. Qa3 Nc2 45. Qa4 Nd4 46. g4 Qxa5 47. Qc4 Rc5 0-1

[Event "CHN Team Men 2016"]
[Site "Wuxi CHN"]
[Date "2016.07.30"]
[Round "4.2"]
[Board "2"]
[White "Xu, Jun"]
[Black "Xu, Yinglun"]
[Result "0-1"]
[WhiteTitle "GM"]
[WhiteElo "2534"]
[BlackElo "2522"]
[WhiteTeam "Jiangsu Lvyang"]
[BlackTeam "Guangdong"]
[WhiteFideId "8600031"]
[BlackFideId "8604940"]
[EventDate "2016.07.28"]

1. c4 e6 2. d4 d5 3. Nf3 Nf6 4. Nc3 Be7 5. Bf4 O-O 6. e3 b6 7. Bd3 dxc4 8. Bxc4
Bb7 9. O-O Nbd7 10. Qe2 a6 11. Rfd1 b5 12. Bb3 Bd6 13. Bg5 Qe7 14. e4 b4 15. e5
bxc3 16. bxc3 Bxf3 17. gxf3 h6 18. Bh4 g5 19. exd6 cxd6 20. Bg3 Nh5 21. f4 Nxf4
22. Bxf4 gxf4 23. Kh1 Kh8 24. Rg1 Rg8 25. Qf3 Qh4 26. Rxg8+ Rxg8 27. Rg1 d5 28.
Rxg8+ Kxg8 29. Bc2 Nf6 30. Kg2 Qg5+ 31. Kh1 a5 32. h3 Ne8 33. Bd3 Nd6 34. Qe2
Kf8 35. Kh2 Ke7 36. Qf3 f5 37. Qe2 Qh4 38. c4 f3 39. Qe3 dxc4 40. d5 Ne4 41.
Bxe4 Qxe4 42. Qc5+ Kf6 43. dxe6 Qf4+ 44. Kh1 Qg5 0-1

[Event "CHN Team Men 2016"]
[Site "Wuxi CHN"]
[Date "2016.07.30"]
[Round "4.2"]
[Board "3"]
[White "Li, Shilong"]
[Black "Lin, Chen"]
[Result "1/2-1/2"]
[WhiteTitle "GM"]
[BlackTitle "GM"]
[WhiteElo "2512"]
[BlackElo "2519"]
[WhiteTeam "Guangdong"]
[BlackTeam "Jiangsu Lvyang"]
[WhiteFideId "8600678"]
[BlackFideId "8602298"]
[EventDate "2016.07.28"]

1. d4 d5 2. c4 c6 3. Nf3 Nf6 4. Nc3 a6 5. g3 Bf5 6. Bg2 e6 7. O-O h6 8. Qb3 Ra7
9. Bf4 Be7 10. Ne5 O-O 11. Rad1 Nbd7 12. Rfe1 Qb6 13. Qxb6 Nxb6 14. c5 Nbd7 15.
b4 Rd8 16. f3 Bc2 17. Rc1 Bh7 18. Red1 Nxe5 19. Bxe5 Nd7 20. Bc7 Rc8 21. Ba5 Bg5
22. f4 Bd8 23. Bxd8 Rxd8 24. e3 Nf6 25. a4 Be4 26. Bf1 Ng4 27. Re1 f5 28. Ra1
Rda8 29. h3 Nf6 30. Ra2 Kf7 31. Be2 Ke7 32. Kf2 h5 33. Rg1 g6 34. g4 hxg4 35.
hxg4 fxg4 36. Bxg4 Rh8 37. Be2 Raa8 38. Ke1 Rh2 39. Bf1 Rxa2 40. Nxa2 Rh8 41.
Nc3 Kf7 42. Be2 Rh3 43. Kd2 Rh2 44. Kd1 Rh3 45. Kd2 Rh2 1/2-1/2

[Event "CHN Team Men 2016"]
[Site "Wuxi CHN"]
[Date "2016.07.30"]
[Round "4.2"]
[Board "4"]
[White "Yu, Ruiyuan"]
[Black "Liu, Chang"]
[Result "1-0"]
[WhiteTitle "GM"]
[WhiteElo "2501"]
[BlackElo "2361"]
[WhiteTeam "Jiangsu Lvyang"]
[BlackTeam "Guangdong"]
[WhiteFideId "8603090"]
[BlackFideId "8606340"]
[EventDate "2016.07.28"]

1. e4 c6 2. d4 d5 3. Nc3 dxe4 4. Nxe4 Bf5 5. Ng3 Bg6 6. h4 h6 7. Nf3 Nd7 8. h5
Bh7 9. Bd3 Bxd3 10. Qxd3 e6 11. Bd2 Ngf6 12. O-O Qc7 13. Ne4 O-O-O 14. g3 Nxe4
15. Qxe4 Bd6 16. c4 c5 17. Bc3 Nf6 18. Qe2 cxd4 1-0

[Event "CHN Team Men 2016"]
[Site "Wuxi CHN"]
[Date "2016.07.30"]
[Round "4.3"]
[Board "2"]
[White "Chu, Wei Chao"]
[Black "Mu, Ke"]
[Result "0-1"]
[WhiteTitle "IM"]
[WhiteElo "2309"]
[BlackElo "2425"]
[WhiteTeam "Tianjing Chunhua"]
[BlackTeam "Qingdao"]
[WhiteFideId "8605661"]
[BlackFideId "8602778"]
[EventDate "2016.07.28"]

1. d4 d5 2. c4 c6 3. Nf3 Nf6 4. Nc3 e6 5. g3 dxc4 6. Bg2 b5 7. O-O Bb7 8. Ne5
Qb6 9. b3 Bb4 10. Bb2 Nd5 11. Qc2 cxb3 12. axb3 Be7 13. Ne4 Nb4 14. Qd2 f6 15.
Nd3 Nxd3 16. Qxd3 Nd7 17. Rfd1 O-O 18. b4 Bxb4 19. Qb3 a5 20. Qxe6+ Rf7 21. Ba3
Nf8 22. Qb3 Bxa3 23. Qxa3 a4 24. Rab1 Ne6 25. Qa2 Re7 26. Nc5 Bc8 27. Bh3 Kf7
28. Rbc1 b4 29. Nxa4 Qb5 30. d5 cxd5 31. Qxd5 Qxd5 32. Rxd5 Bb7 33. Bxe6+ Kxe6
34. Rd3 Rxa4 35. Re3+ Kf7 36. Rxe7+ Kxe7 37. Rc7+ Kd6 38. Rxb7 Kc6 39. Rb8 Kc5
40. Kg2 Ra3 41. e4 Kc4 42. f4 Re3 43. Rc8+ Kd3 44. Rd8+ Kc3 45. Rc8+ Kb2 46. e5
fxe5 47. f5 Rc3 48. Rb8 b3 49. g4 Kc2 50. g5 b2 51. f6 gxf6 52. gxf6 b1=Q 0-1

[Event "CHN Team Men 2016"]
[Site "Wuxi CHN"]
[Date "2016.07.30"]
[Round "4.3"]
[Board "3"]
[White "Wang, Tongsen"]
[Black "Li, Yankai"]
[Result "1/2-1/2"]
[WhiteElo "2309"]
[BlackElo "2234"]
[WhiteTeam "Qingdao"]
[BlackTeam "Tianjing Chunhua"]
[WhiteFideId "8608067"]
[BlackFideId "8609357"]
[EventDate "2016.07.28"]

1. e4 e5 2. Nc3 Nf6 3. g3 Bc5 4. Bg2 Nc6 5. Nge2 a6 6. O-O d6 7. h3 h5 8. d3 Be6
9. Nd5 Qd7 10. Bg5 Nh7 11. Be3 Bxe3 12. fxe3 O-O-O 13. Kh2 Ng5 14. Ng1 Rh6 15.
Qe1 Rdh8 16. Qf2 Kb8 17. b4 Ne7 18. a4 Bxd5 19. exd5 f5 20. h4 Nh7 21. Bh3 Nf6
22. Bxf5 Nxf5 23. Qxf5 Qxf5 24. Rxf5 Nxd5 25. e4 Nxb4 26. Rc1 Re6 27. Nh3 g6 28.
Rf7 d5 29. exd5 Nxd5 30. Re1 Nf6 31. Nf2 1/2-1/2

[Event "CHN Team Men 2016"]
[Site "Wuxi CHN"]
[Date "2016.07.30"]
[Round "4.3"]
[Board "4"]
[White "Zhao, Zhouqiao CHN"]
[Black "Zhou, Jiangnan"]
[Result "1-0"]
[WhiteTitle "FM"]
[WhiteElo "2204"]
[BlackElo "2161"]
[WhiteTeam "Tianjing Chunhua"]
[BlackTeam "Qingdao"]
[WhiteFideId "8608342"]
[BlackFideId "8609918"]
[EventDate "2016.07.28"]

1. c4 c5 2. Nc3 g6 3. g3 Bg7 4. Bg2 Nc6 5. e3 e5 6. Nge2 d6 7. Nd5 Bg4 8. h3 Be6
9. d3 h5 10. h4 Nge7 11. Nxe7 Qxe7 12. Nc3 O-O 13. O-O Rab8 14. a3 Qd7 15. Rb1
a6 16. Qa4 Rfc8 17. Nd5 Qd8 18. b4 cxb4 19. axb4 Ne7 20. Bd2 Nxd5 21. Bxd5 Bh3
22. Rfc1 g5 23. Qd1 Bg4 24. Bf3 f5 25. Bd5+ Kh8 26. f3 gxh4 27. fxg4 fxg4 28.
Qe2 hxg3 29. Kg2 Qg5 30. e4 Qg6 31. Rf1 Rf8 32. Rxf8+ Rxf8 33. Rf1 Bf6 34. Be6
Kg7 35. Qe3 h4 36. Qe2 h3+ 37. Kxg3 Bh4+ 38. Kxh4 h2 39. Kg3 Rxf1 40. Qxf1 Qh5
41. Bh6+ Kh7 42. Qf5+ Kxh6 43. Qxh5+ Kxh5 44. Kxh2 Kh4 45. Bc8 b6 46. Bxa6 1-0

[Event "CHN Team Men 2016"]
[Site "Wuxi CHN"]
[Date "2016.07.30"]
[Round "4.4"]
[Board "2"]
[White "Wang, Rui"]
[Black "Yu, Lie"]
[Result "1/2-1/2"]
[WhiteTitle "GM"]
[BlackTitle "IM"]
[WhiteElo "2386"]
[BlackElo "2321"]
[WhiteTeam "Hebei Ticai"]
[BlackTeam "Zhejiang Feiao"]
[WhiteFideId "8601003"]
[BlackFideId "8603715"]
[EventDate "2016.07.28"]

1. e4 g6 2. d4 Bg7 3. c4 d6 4. Nc3 Nc6 5. Be3 e5 6. d5 Nce7 7. Qd2 f5 8. f3 Nf6
9. Bd3 O-O 10. Nge2 Bd7 11. O-O-O a6 12. Kb1 b5 13. Rc1 Rb8 14. c5 b4 15. Nd1
Bb5 16. h3 Nd7 17. c6 Nc5 18. Bxc5 dxc5 19. Rxc5 Qd6 20. Rc2 Bh6 21. Ne3 fxe4
22. fxe4 Rf2 23. Bxb5 axb5 24. Qd3 Rbf8 25. Ng4 Rf1+ 26. Rxf1 Rxf1+ 27. Nc1
Rxc1+ 28. Rxc1 Bxc1 29. Kxc1 h5 30. Ne3 Qc5+ 31. Kd2 Nc8 32. g4 h4 33. d6 Nxd6
34. Qd5+ Kg7 35. Kd3 Qc1 1/2-1/2

[Event "CHN Team Men 2016"]
[Site "Wuxi CHN"]
[Date "2016.07.30"]
[Round "4.4"]
[Board "3"]
[White "Xu, Minghui"]
[Black "Zhang, Ziji"]
[Result "1-0"]
[WhiteElo "2305"]
[BlackElo "2313"]
[WhiteTeam "Zhejiang Feiao"]
[BlackTeam "Hebei Ticai"]
[WhiteFideId "8606790"]
[BlackFideId "8609470"]
[EventDate "2016.07.28"]

1. c4 c6 2. Nf3 Nf6 3. Nc3 d5 4. e3 g6 5. d4 Bg7 6. Be2 O-O 7. O-O b6 8. a4 a5
9. cxd5 Nxd5 10. e4 Nb4 11. h3 Ba6 12. Be3 Nd7 13. Bxa6 Rxa6 14. e5 Re8 15. Qb3
e6 16. Ne4 Bf8 17. Rac1 Qa8 18. Nfd2 c5 19. dxc5 bxc5 20. Bxc5 Nxc5 21. Nxc5
Bxc5 22. Rxc5 Rd8 23. Qe3 Rd3 24. Qf4 Rc6 25. Rxc6 Qxc6 26. Ne4 Qa8 27. Nd6 Qf8
28. Rc1 Rxd6 29. exd6 Nd3 30. d7 1-0

[Event "CHN Team Men 2016"]
[Site "Wuxi CHN"]
[Date "2016.07.30"]
[Round "4.5"]
[Board "2"]
[White "Wen, Yang"]
[Black "Bao, Qilin"]
[Result "1-0"]
[WhiteTitle "GM"]
[WhiteElo "2611"]
[BlackElo "2305"]
[WhiteTeam "Shandong"]
[BlackTeam "Heilongjiang Qipai"]
[WhiteFideId "8602956"]
[BlackFideId "8605750"]
[EventDate "2016.07.28"]

1. d4 Nf6 2. Nf3 d5 3. c4 e6 4. e3 Be7 5. b3 O-O 6. Bd3 b6 7. O-O Bb7 8. Bb2
Nbd7 9. Nc3 Ne4 10. Qc2 a6 11. Rad1 Bb4 12. Nb1 Qe7 13. Ne5 dxc4 14. Nxc4 b5 15.
Ne5 Rfd8 16. Qe2 Nxe5 17. Bxe4 Nd7 18. Rc1 Bd6 1-0

[Event "CHN Team Men 2016"]
[Site "Wuxi CHN"]
[Date "2016.07.30"]
[Round "4.5"]
[Board "3"]
[White "Wu, Xibin"]
[Black "Liu, Qingnan"]
[Result "0-1"]
[WhiteTitle "IM"]
[BlackTitle "GM"]
[WhiteElo "2257"]
[BlackElo "2507"]
[WhiteTeam "Heilongjiang Qipai"]
[BlackTeam "Shandong"]
[WhiteFideId "8600309"]
[BlackFideId "8603294"]
[EventDate "2016.07.28"]

1. d4 g6 2. c4 Bg7 3. Nc3 d6 4. Nf3 Nf6 5. e4 O-O 6. Be2 Nbd7 7. O-O e5 8. Re1
c6 9. Rb1 a6 10. d5 Nc5 11. Bf1 a5 12. b3 cxd5 13. cxd5 Nh5 14. Be3 b6 15. Nd2
f5 16. f3 Nf4 17. Nc4 fxe4 18. Nxe4 Nxe4 19. fxe4 Rb8 20. b4 axb4 21. Rxb4 b5
22. Qd2 Nh5 23. Na3 Qa5 24. Rb3 b4 25. Nc4 Qa6 26. Rxb4 Rxb4 27. Qxb4 Qxa2 28.
Nxd6 Bh6 29. Qc5 Bxe3+ 30. Qxe3 Ba6 31. Qa7 Qd2 32. Rb1 Bxf1 33. Rxf1 Nf4 0-1

[Event "CHN Team Men 2016"]
[Site "Wuxi CHN"]
[Date "2016.07.30"]
[Round "4.5"]
[Board "4"]
[White "Wu, Kaiyu"]
[Black "Qu, Yanqiao"]
[Result "1-0"]
[WhiteElo "2301"]
[BlackElo "2186"]
[WhiteTeam "Shandong"]
[BlackTeam "Heilongjiang Qipai"]
[WhiteFideId "8601666"]
[BlackFideId "8603944"]
[EventDate "2016.07.28"]

1. e4 e5 2. Nf3 Nc6 3. Bc4 Bc5 4. c3 Nf6 5. d3 d6 6. O-O O-O 7. h3 h6 8. Re1 Bb6
9. Bb3 Ne7 10. d4 Ng6 11. Nbd2 c6 12. Bc2 Be6 13. Nf1 Qc7 14. Ng3 Rad8 15. Be3
Rfe8 16. Qc1 Kh7 17. a4 c5 18. Nf5 Ng8 19. d5 Bd7 20. a5 Bxa5 21. Nxd6 Qxd6 22.
Rxa5 b6 23. Rxa7 Nf6 24. Qd2 Nh5 25. Kh1 Nhf4 26. Bxf4 Nxf4 27. Qxf4 exf4 28.
e5+ Qg6 29. Bxg6+ Kxg6 1-0